| 000 | 02001nam a2200301 a 4500 | ||
|---|---|---|---|
| 001 | 000026397 | ||
| 005 | 20250219170734.0 | ||
| 008 | 100817s2010 dr acd r 001 0 spa d | ||
| 040 |
_aDO-SdBNP _bspa _cBNPHU |
||
| 082 |
_a338.97293 _bR426ob |
||
| 110 | 1 |
_aRepública Dominicana. _bMinisterio de Economía, Planificación y Desarrollo _966142 |
|
| 245 | 1 | 0 |
_aObjetivos de desarrollo del milenio : _binforme de seguimiento 2010 / _cpresentación Juan Temístocles Montás, Valerie Julliand ; coordinación general Juan T. Monegro. |
| 260 |
_aSanto Domingo : _bAmigo del Hogar, _c2010. |
||
| 300 |
_a167 p. : _bil., gráfcs., retrs., tablas ; _c28 cm. |
||
| 504 | _aIncluye referencias bibliográficas y notas al pie de páginas. | ||
| 504 | _aBibliografía : p. 147-149. | ||
| 505 | 0 |
_gIntroducción -- _tContexto -- _tTendencia general de los ODM. Resultados de la evaluación: _tObjetivo 1: Erradicar la pobreza extrema y el hambre -- _tObjetivo 2: Lograr la educación primaria universal -- _tObjetivo 3: Promover la equidad de género y la autonomía de la mujer -- _tObjetivo 4: Reducir la tasa de mortalidad infantil -- _tObjetivo 5: Mejorar la salud materna -- _tObjetivo 6: Combatir del VIH/SIDA, el paludismo y otras enfermedades -- _tObjetivo 7: Garantizar la sostenibilidad del medio ambiente -- _tObjetivo 8: Fomentar una sociedad global para el desarrollo -- _tImpacto de la crisis global -- _tEfectos del cambio climático -- _gBibliografía -- _gAnexos. |
|
| 590 | _aInventariado, 2018/BT | ||
| 650 | 4 |
_aDesarrollo sostenible _9901 |
|
| 650 | 4 |
_aPlanificación estratégica _92433 |
|
| 650 | 4 |
_aEstrategias para el desarrollo _93099 |
|
| 650 | 4 |
_aPolíticas de desarrollo _zRepública Dominicana _97785 |
|
| 700 | 1 |
_aMontás, Juan Temístocles _d1950- _epresent. _979676 |
|
| 700 | 1 |
_aJulliand, Valerie, _epresent. _953434 |
|
| 700 | 1 |
_aMonegro, Juan T., _ecoord. _953435 |
|
| 710 | 2 |
_aSistema de las Naciones Unidas en República Dominicana _943542 |
|
| 910 | _aValidado. Control de calidad. EMS | ||
| 999 |
_c25889 _d25889 |
||